| 000 | 00476nam a2200181Ia 4500 | ||
|---|---|---|---|
| 008 | 240925s9999 xx 000 0 und d | ||
| 020 | _a9780470670231 | ||
| 082 | _a610.711 DON | ||
| 100 | _aDonnelly, Peter | ||
| 245 | 0 | _aHow to Succed at E Learning | |
| 250 | _a1st | ||
| 260 |
_aNew York: _bJohn Wiley & Sons _c,2012. |
||
| 300 |
_a691p. _bNA _fNA |
||
| 500 | _aIncludes Index | ||
| 600 | _aHumanities & Natural Science | ||
| 650 | _aMedicine and health | ||
| 942 | _cBK | ||
| 999 |
_c13183 _d13183 |
||